000 01049nam a2200313 a 4500
001 3849420
003 ARRUPE
005 20221117142034.0
008 871204m19871949enk 000 0 eng
010 _a 87208240
020 _a0744800587
028 _bArrupe
040 _aDLC
_cDLC
_dDLC
041 1 _aeng
_hfre
050 0 0 _aHM216
_b.W352 1987
082 0 0 _a303.3/72
_220
100 1 _aWeil, Simone,
_d1909-1943.
_92765
240 1 0 _aEnracinement.
_lEnglish
245 1 4 _aThe need for roots :
_bprelude to a declaration of duties towards mankind /
_cSimone Weil ; preface by T.S. Eliot ; [translated from the French by A.F. Wills].
250 _aArk ed.
260 _aLondon ;
_aNew York :
_bArk Paperbacks,
_c1987.
300 _axv, 288 p. ;
_c20 cm.
500 _aTranslation of: L'enracinement.
650 0 _aSocial ethics.
650 0 _aSocial psychology.
_916638
906 _a7
_bcbc
_corignew
_d2
_encip
_f19
_gy-gencatlg
942 _2lcc
_cMONOGRAPH
999 _c131535
_d131535